| 000 | 00419nam a22001457a 4500 | ||
|---|---|---|---|
| 999 |
_c513865 _d513865 |
||
| 008 | 200914b ||||| |||| 00| 0 eng d | ||
| 100 |
_aSingh, Ranbir _917669 |
||
| 245 | _aImproving electoral participation in India | ||
| 260 | _aThe Administrator | ||
| 300 | _a60(1), Jan2020. p. 231-239 | ||
| 650 |
_aElectoral Management _917670 |
||
| 773 | _aThe Administrator | ||
| 906 | _aELECTIONS - INDIA | ||
| 942 | _cAR | ||